Data analysis and regression: a second course in statistics

Guardat en:
Dades bibliogràfiques
Autors principals: Mosteller, Frederick (Autor), Tukey, John W (Autor)
Format: Llibre
Idioma:anglès
Publicat: Reading Addison-Wesley 1977
Col·lecció:Addison-Wesley Series in Behavioral Science: Quantitative Methods
Matèries:
Etiquetes: Afegir etiqueta
Sense etiquetes, Sigues el primer a etiquetar aquest registre!

MARC

LEADER 00000nam a2200000 a 4500
001 UCP1026
003 CL-VaPUC
008 990326e19770000US |||||||||||||||||eng|d
082 0 4 |a 519.5  |b MOS  |2 21 
100 |a Mosteller, Frederick  |e author  |9 569080 
700 0 |a Tukey, John W  |e author  |9 426754 
245 1 0 |a Data analysis and regression: a second course in statistics 
300 |a 588 p 
942 |c BK 
945 |d 19990326 00:00:00  |a crobeson 
260 |a Reading  |b Addison-Wesley  |c 1977 
650 0 |a Estadística matemática  |9 260028 
650 0 |a Análisis de datos  |9 269871 
650 0 |a Análisis de regresión   |9 263763 
650 7 |a DISTRIBUCION  |2 CL-VaPUC  |9 263761 
650 0 |a Inferencia estadística  |9 312855 
583 |a last modification  |c 19990326 00:00:00  |k Rodrigo Vera 
490 0 |a Addison-Wesley Series in Behavioral Science: Quantitative Methods 
999 |c 279745  |d 279743 
952 |0 0  |1 0  |4 0  |6 519_500000000000000_MOS_1977  |7 0  |8 A  |9 319522  |a BIBGIM  |b BIBGIM  |d 2019-11-20  |i 1333461  |o 519.5 MOS 1977  |p 1333461  |r 2025-01-15  |w 2019-11-20  |y BK  |k EST